00596cam a22002177a 4500003000500000005001700005008004100022010001000063011001000073035001000083040000900093082001800102100001800120245009900138260003600237300002000273500001100293650001700304650003600321700002100357CHAP20220329141517.0971013s1982 r 00010 d a69319 a70291 a79772 cCHAP a574.87623bL500aLloyd, David.14aThe cell division cycle; temporal organization and control of cellular growth and reproduction aLondon :bAcademic Press,c1982 a523 p.b: ilus. a33-22214aCitología.14aDivisión celular (Biología)0 aPoole, Robert K.